000 00406nam a2200169Ia 4500
008 100917s9999 xx 000 0 und d
082 _b1823
100 _a---
245 _aदेशद्रोही
260 _b---
365 _b0
520 _aनिबंध
630 _aदेशद्रोही
650 _aनिबंध
730 _aदेशद्रोही
942 _cBOOK
999 _c607217
_d607214